[Event "SRB-chT (Women)"]
[Site "Subotica"]
[Date "2008.09.05"]
[Round "3"]
[White "Sekulic, Isidora"]
[Black "Uzelac, Iva"]
[Result "1/2-1/2"]
[WhiteElo "1798"]
[BlackElo "1619"]
[PlyCount "65"]
[EventDate "2008.09.03"]
[EventType "team"]
[EventRounds "11"]
[EventCountry "YUG"]
[SourceTitle "CBM 126 Extra"]
[Source "ChessBase"]
[SourceDate "2008.11.05"]
[SourceVersion "1"]
[SourceVersionDate "2008.11.05"]
[SourceQuality "1"]

1. d4 Nf6 2. Nf3 g6 3. c3 Bg7 4. Bg5 0-0 5. Nbd2 d6 6. e4 c5 7. Be2 Nbd7 8. 0-0 b6 9. Re1 Bb7 10. Bc4 cxd4 11. Nxd4 Ne5 12. f3 Nxc4 13. Nxc4 Rc8 14. Ne3 Re8 15. Qd2 Qc7 16. Rad1 Qc5 17. Bh4 Rcd8 18. Nb3 Qh5 19. Bg3 Nd7 20. Nd5 Nc5 21. Qc2 Nxb3 22. Qxb3 Rd7 23. Nf4 Qc5+ 24. Bf2 Qc8 25. Nd5 e6 26. Nb4 Qd8 27. Bd4 Bxd4+ 28. Rxd4 Qg5 29. Rdd1 Red8 30. c4 Qc5+ 31. Kh1 Ba8 32. Nd3 Qh5 33. Rc1 1/2-1/2

[Event "SRB-ch U20 Girls"]
[Site "Zlatibor"]
[Date "2007.08.13"]
[Round "9"]
[White "Bjeloglav, Milica"]
[Black "Sekulic, Isidora"]
[Result "1-0"]
[WhiteElo "2008"]
[BlackElo "1816"]
[PlyCount "53"]
[EventDate "2007.08.05"]
[EventType "tourn"]
[EventRounds "9"]
[EventCountry "YUG"]
[SourceTitle "CBM 119 Extra"]
[Source "ChessBase"]
[SourceDate "2007.09.04"]
[SourceVersion "1"]
[SourceVersionDate "2007.09.04"]
[SourceQuality "1"]

1. e4 e5 2. Nf3 Nc6 3. Bb5 d6 4. d4 Bd7 5. Nc3 Nf6 6. Be3 Be7 7. h3 0-0 8. d5 Nb8 9. Bxd7 Nbxd7 10. Nd2 a6 11. a4 h6 12. Nc4 Qc8 13. g4 Nh7 14. h4 f6 15. f3 Re8 16. Bd2 c6 17. Ne3 g6 18. Nf1 Kg7 19. Ng3 Bf8 20. Be3 b5 21. Qd2 g5 22. Nf5+ Kg8 23. hxg5 Nxg5 24. Bxg5 fxg5 25. Nxh6+ Bxh6 26. Rxh6 Kf7 27. Qxg5 1-0

[Event "SRB-ch U20 Girls"]
[Site "Zlatibor"]
[Date "2007.08.09"]
[Round "5"]
[White "Sekulic, Isidora"]
[Black "Nonkovic, Bogdana"]
[Result "0-1"]
[WhiteElo "1816"]
[BlackElo "1820"]
[PlyCount "74"]
[EventDate "2007.08.05"]
[EventType "tourn"]
[EventRounds "9"]
[EventCountry "YUG"]
[SourceTitle "CBM 119 Extra"]
[Source "ChessBase"]
[SourceDate "2007.09.04"]
[SourceVersion "1"]
[SourceVersionDate "2007.09.04"]
[SourceQuality "1"]

1. d4 d5 2. Nf3 Nf6 3. c4 e6 4. Nc3 dxc4 5. e3 a6 6. Bxc4 b5 7. Bd3 Bb7 8. 0-0 c5 9. dxc5 Bxc5 10. e4 Nbd7 11. Qe2 Qb8 12. b3 0-0 13. Bb2 Bd6 14. Rac1 Nc5 15. Nd2 Bxh2+ 16. Kh1 Nxd3 17. Qxd3 Rd8 18. Qe2 Bf4 19. Rfd1 Bxd2 20. Rxd2 Rxd2 21. Qxd2 Ng4 22. g3 Qe5 23. f3 Qh5+ 24. Kg1 Ne5 25. Qf4 Nd3 26. Qc7 Nxc1 27. Qxb7 Re8 28. Bxc1 Qc5+ 29. Kg2 Qxc3 30. Qd7 Qc8 31. Qd2 Rd8 32. Qg5 h6 33. Qe3 Qc2+ 34. Kh3 Rd1 35. Ba3 Rh1+ 36. Kg4 f5+ 37. Kf4 Qc7+ 0-1

[Event "SCG Festival U16 Girls 14th"]
[Site "Vrnjacka Banja"]
[Date "2006.??.??"]
[Round "3"]
[White "Nedeljkovic, Radmila"]
[Black "Sekulic, Isidora"]
[Result "1/2-1/2"]
[WhiteElo "1898"]
[BlackElo "1848"]
[PlyCount "77"]
[EventDate "2006.04.24"]
[EventType "swiss"]
[EventRounds "9"]
[EventCountry "YUG"]
[SourceTitle "EXT 2007"]
[Source "ChessBase"]
[SourceDate "2006.11.23"]
[SourceVersion "1"]
[SourceVersionDate "2006.11.23"]
[SourceQuality "1"]

1. d4 d5 2. Nf3 Nf6 3. Bg5 e6 4. e3 Be7 5. Nbd2 Nbd7 6. Bd3 b6 7. c3 Bb7 8. Ne5 Nxe5 9. dxe5 Ne4 10. Bxe7 Qxe7 11. Bxe4 dxe4 12. Nxe4 0-0 13. Qc2 Rad8 14. h4 Bxe4 15. Qxe4 Qd7 16. Qc2 Qb5 17. Qe2 Qxe5 18. 0-0 Rd5 19. Rfd1 Rfd8 20. Qf3 Qd6 21. Rxd5 Qxd5 22. Qxd5 Rxd5 23. Kf1 Rd2 24. b3 Kf8 25. Ke1 Rc2 26. c4 Ke7 27. g4 h6 28. Kf1 f5 29. gxf5 exf5 30. Kg2 g6 31. Kf3 a6 32. Rg1 Kf6 33. Ra1 g5 34. hxg5+ hxg5 35. Kg3 f4+ 36. exf4 gxf4+ 37. Kxf4 Rxf2+ 38. Ke4 Ke6 39. Kd4 1/2-1/2

[Event "SCG Festival U16 Girls 14th"]
[Site "Vrnjacka Banja"]
[Date "2006.??.??"]
[Round "7"]
[White "Sekulic, Isidora"]
[Black "Rakic, Marija"]
[Result "0-1"]
[WhiteElo "1848"]
[BlackElo "2130"]
[PlyCount "110"]
[EventDate "2006.04.24"]
[EventType "swiss"]
[EventRounds "9"]
[EventCountry "YUG"]
[SourceTitle "EXT 2007"]
[Source "ChessBase"]
[SourceDate "2006.11.23"]
[SourceVersion "1"]
[SourceVersionDate "2006.11.23"]
[SourceQuality "1"]

1. d4 Nf6 2. Nf3 c5 3. dxc5 e6 4. c4 Bxc5 5. e3 b6 6. a3 Bb7 7. b4 Be7 8. Bb2 d6 9. Nc3 a6 10. Bd3 Qc7 11. 0-0 Nbd7 12. Rc1 Rc8 13. Nb1 0-0 14. Nbd2 Rfd8 15. Qb3 Qb8 16. Rfd1 Qa8 17. Be2 Ne8 18. h3 Nc7 19. Rc2 Nf6 20. Rcc1 b5 21. Bd4 Nd7 22. Qb2 Bf8 23. Qb3 Bc6 24. Qc2 bxc4 25. Nxc4 Nb5 26. Qb3 Nxd4 27. Rxd4 Bxf3 28. Bxf3 d5 29. Qb2 g6 30. Rdd1 Bg7 31. Qe2 Qa7 32. Na5 Ne5 33. Nb3 Nc4 34. Nc5 Bf8 35. e4 Bxc5 36. bxc5 Qxc5 37. exd5 exd5 38. a4 Qa5 39. Kh1 Nb6 40. Rxc8 Rxc8 41. Qd3 Rd8 42. Qb3 Rd6 43. Qe3 Qxa4 44. Rd4 Qc6 45. Qd3 a5 46. Qd2 Qc5 47. Qe3 Qb5 48. Rh4 Qd7 49. Qh6 f6 50. Qe3 d4 51. Qb3+ Kg7 52. Qa3 a4 53. Bg4 Qc7 54. Qg3 Rc6 55. Qf3 Rc1+ 0-1

[Event "YUG-ch U20 Girls"]
[Site "Subotica"]
[Date "2004.08.16"]
[Round "5"]
[White "Sekulic, Isidora"]
[Black "Trivunovic, Jelena"]
[Result "1/2-1/2"]
[WhiteElo "1800"]
[BlackElo "1800"]
[PlyCount "83"]
[EventDate "2004.08.12"]
[EventType "tourn"]
[EventRounds "13"]
[EventCountry "YUG"]
[SourceTitle "CBM 101 Extra"]
[Source "ChessBase"]
[SourceDate "2004.09.01"]
[SourceVersion "2"]
[SourceVersionDate "2004.09.01"]
[SourceQuality "1"]

1. d4 d5 2. Nf3 Nf6 3. c4 e6 4. Nc3 Nbd7 5. e3 Be7 6. Bd3 dxc4 7. Bxc4 0-0 8. 0-0 a6 9. Bd3 b5 10. e4 Bb7 11. e5 Nd5 12. a3 c5 13. Nxd5 Bxd5 14. Re1 Rc8 15. dxc5 Nxc5 16. Bc2 Ba8 17. Qe2 Qc7 18. Bf4 Rfd8 19. Rac1 Qb8 20. Ng5 h6 21. Ne4 Nxe4 22. Bxe4 Bxe4 23. Qxe4 Rd5 24. h3 Rcd8 25. Qc2 Rc5 26. Qe4 Qc7 27. Rxc5 Bxc5 28. Rc1 Qa7 29. Qe2 b4 30. axb4 Bxb4 31. Rd1 Rxd1+ 32. Qxd1 Qc7 33. Qb3 a5 34. Qd1 Be7 35. Qa4 Bb4 36. Qb3 Qc5 37. Qe3 Qc4 38. Qc1 Qd4 39. Qc8+ Kh7 40. Qc2+ Kg8 41. Qc8+ Kh7 42. Qc2+ 1/2-1/2